| 000 | 00739nas a2200229 a 4500 | ||
|---|---|---|---|
| 001 | 69352 | ||
| 003 | BD-RjUL | ||
| 005 | 20211209081856.0 | ||
| 008 | 750227c1980 ctuar a 0 a0eng | ||
| 035 | _a(BD-RjUL)69563 | ||
| 040 |
_aDNAL _beng _cDNAL _dMnMULS _dDLC _dNSDP _dDLC _dNSDP _dNST _dOCoLC _dCNMBL _dOCLCO _dOCoLC _dBD-RjUL |
||
| 041 | _aeng | ||
| 082 | 0 |
_223 _a364.0486 _bNOC 1980 |
|
| 100 | 1 |
_aNorth, Hallie B. _9205466 |
|
| 245 | 1 | 0 |
_aCommercial food patents, U.S., 1979 / _cHallie B. North. |
| 260 |
_aWestport, Conn. : _bAVI Pub. Co., _c1980 |
||
| 300 |
_a228 p. : _bill. ; _c24 cm. |
||
| 500 | _aIncludes index | ||
| 650 |
_aFood industries _xEquipment and supplies _x Patents. _9207071 |
||
| 942 |
_2ddc _cBK |
||
| 999 |
_c69352 _d69352 |
||